Normal view
MARC view
Entry Topical Term
001 - CONTROL NUMBER
- control field: 64122
003 - CONTROL NUMBER IDENTIFIER
- control field: BI-BuBU
005 - DATE AND TIME OF LATEST TRANSACTION
- control field: 20121217093148.0
008 - FIXED-LENGTH DATA ELEMENTS
- fixed length control field: 121217|||a|||||| | ||| d
040 ## - CATALOGING SOURCE
- Original cataloging agency: BI-BuBU
- Transcribing agency: BI-BuBU
150 ## - HEADING--TOPICAL TERM
- Topical term or geographic name as entry element: Batwa. intégration.
- Chronological subdivision: 1993-2005
- Geographic subdivision: Ndava (commune).
670 ## - SOURCE DATA FOUND
- Source citation: Work cat.: (BI-BuBU): aut Béatrice Nizigiyimana 64121, Problématique de l'intégration des batwa au Burundi de 1993-2005, 2008
670 ## - SOURCE DATA FOUND
- Source citation: Work cat.: (BI-BuBU): aut Béatrice Nizigiyimana 64121, Problématique de l'intégration des batwa au Burundi de 1993-2005, 2008